| 000 | 00571nam a2200193Ia 4500 | ||
|---|---|---|---|
| 003 | IN-BaIIA | ||
| 008 | 211028s9999 xx 000 0 eng d | ||
| 040 | _cIIA Library | ||
| 080 |
_a535.82 _bCOS |
||
| 100 |
_aCosslett, V. E. _92060 |
||
| 245 | 4 |
_aThe electron microscope _cV. E. Cosslett |
|
| 260 |
_aLondon _bSigma Book _c1947 |
||
| 300 | _aviii, 128p. | ||
| 490 | _aSigma introduction to science | ||
| 650 |
_aElectron microscopes _92061 |
||
| 650 | _aNASA thesaurus | ||
| 650 |
_aOptical microscopes _92062 |
||
| 942 | _cBK | ||
| 999 |
_c957 _d957 |
||